[Event "Titled Tue 10th Jun Early"]
[Site "chess.com INT"]
[Date "2025.06.10"]
[Round "6"]
[White "El Zein, Zayne-Eddine"]
[Black "Rustamov, Rustam"]
[Result "0-1"]
[WhiteTitle "CM"]
[BlackTitle "FM"]
[WhiteElo "2194"]
[BlackElo "2334"]
[WhiteFideId "5313210"]
[BlackFideId "13440110"]
[EventDate "2025.06.10"]

1. e4 c5 2. Nf3 d6 3. g3 Nf6 4. d3 g6 5. Bg2 Bg7 6. O-O O-O 7. Re1 Nc6 8. c3 e5
9. a3 d5 10. exd5 Nxd5 11. Nbd2 f6 12. Qb3 Kh8 13. Nxe5 Nxe5 14. Qxd5 Nxd3 15.
Re3 Nxc1 16. Rxc1 Qxd5 17. Bxd5 f5 18. Nc4 f4 19. Re7 Bf6 20. Rc7 Bd8 21. Rxc5
Rb8 22. Nd6 fxg3 23. hxg3 Bb6 24. Rxc8 Rbxc8 25. Nxc8 Rxc8 26. Bxb7 Rf8 27. Rc2
a5 28. b4 Rb8 29. Bd5 Bc7 30. Re2 Bd6 31. Re6 Bf8 32. Kg2 Bg7 33. Rc6 Bf8 34.
Ra6 axb4 35. axb4 Rd8 36. Be4 Kg7 37. Ra7+ Kh6 38. Rc7 Rd2 39. b5 Rb2 40. c4 Bg7
41. Rd7 Bf8 42. Rd3 Bc5 43. Rf3 Kg7 44. Bd5 h5 45. Rf7+ Kh6 46. Kf1 g5 47. f4 g4
48. Rf6+ Kg7 49. Rc6 Bd4 50. Be4 Rf2+ 51. Ke1 Rb2 52. Kd1 Rb3 53. Bg6 Rxg3 54.
Bxh5 Rd3+ 55. Kc2 Rc3+ 56. Kd2 g3 57. Bf3 Rxf3 58. b6 g2 59. Rc7+ Kg6 60. Rc6+
Kf5 0-1

[Event "Titled Tue 10th Jun Early"]
[Site "chess.com INT"]
[Date "2025.06.10"]
[Round "6"]
[White "Ghoreishi Amiri, Seyed Kian"]
[Black "Guliev, Gasan"]
[Result "1-0"]
[WhiteTitle "CM"]
[BlackTitle "CM"]
[WhiteElo "2216"]
[BlackElo "2123"]
[WhiteFideId "36757527"]
[BlackFideId "34165638"]
[EventDate "2025.06.10"]

1. d4 d5 2. c4 e6 3. Nc3 c5 4. cxd5 exd5 5. Nf3 Nc6 6. g3 Nf6 7. Bg2 cxd4 8.
Nxd4 Bc5 9. Nb3 Bb6 10. O-O d4 11. Ne4 Nxe4 12. Bxe4 O-O 13. Bf4 Bh3 14. Bg2
Bxg2 15. Kxg2 Qd5+ 16. Kg1 Rac8 17. Rc1 Ne7 18. Rxc8 Rxc8 19. e3 dxe3 20. Bxe3
Bxe3 21. fxe3 g6 22. Nd4 Qe4 23. Qb3 Qd5 24. Qd3 Qxa2 25. Qe4 Nc6 26. Nb5 Qe6
27. Qf3 a6 28. Nc3 Re8 29. Kh1 Re7 30. Nd5 Ne5 31. Nxe7+ Qxe7 32. Qf6 Qc5 33.
Qd8+ Kg7 34. Qf6+ Kg8 35. Rd1 Nc6 36. Rd7 Qc4 37. Qf2 Qe6 38. Rxb7 Ne5 39. Rb8+
Kg7 40. Rd8 Qc6+ 41. Kg1 Nf3+ 42. Kf1 Qc1+ 43. Kg2 Ne5 44. Rd6 Qc5 45. Rd4 Qc6+
46. e4 f5 47. Rd5 Ng4 48. Qd4+ Kh6 49. exf5 gxf5 50. Qf4+ Kg7 51. Qg5+ Kf7 52.
Qxf5+ Nf6 53. Kh3 Qe6 54. Qxe6+ Kxe6 55. Ra5 Nd5 56. Rxa6+ Ke5 57. Ra5 Ke4 58.
Rxd5 Kxd5 59. Kh4 Ke6 60. Kh5 Kf7 61. Kh6 Kg8 62. b4 Kf7 63. b5 1-0

[Event "Titled Tue 10th Jun Early"]
[Site "chess.com INT"]
[Date "2025.06.10"]
[Round "6"]
[White "Dominguez, Ramiro"]
[Black "Toktomushev, Teimur"]
[Result "1/2-1/2"]
[WhiteTitle "FM"]
[BlackTitle "FM"]
[WhiteElo "2210"]
[BlackElo "2390"]
[WhiteFideId "4420055"]
[BlackFideId "14176726"]
[EventDate "2025.06.10"]

1. e4 c5 2. Ne2 e6 3. g3 d5 4. Bg2 Nc6 5. exd5 exd5 6. d4 cxd4 7. Nxd4 Bc5 8.
Be3 Nxd4 9. Bxd4 Qe7+ 10. Kf1 Nf6 11. Nc3 O-O 12. h3 Bf5 13. Qd2 Rfe8 14. Bxf6
Qxf6 15. Qxd5 Bd3+ 16. Kg1 Qxf2+ 17. Kh2 Rad8 18. Qxb7 Re3 19. Qc7 Bb6 20. Qf4
Qxf4 21. gxf4 Bxc2 22. Nd5 Re2 23. Rhe1 Rxe1 24. Rxe1 Bd4 25. b3 g6 26. Rc1 Bf5
27. Rd1 Bb6 28. Ne7+ Kf8 29. Rxd8+ Bxd8 30. Nxf5 gxf5 31. Kg3 Ke7 32. Bf1 f6 33.
Bc4 h6 34. h4 Kd6 35. h5 Ba5 36. Kf3 Bd2 37. a4 Kc5 38. Be6 Kb4 39. Bxf5 Kxb3
40. Be6+ Kxa4 41. Ke4 a5 42. Kf5 Kb4 43. Kxf6 Bxf4 44. Kf5 Bg5 45. Kg4 a4 46.
Kh3 a3 47. Kh2 Kc3 48. Kh1 Kb2 49. Bf7 Kc3 50. Be6 Kd4 51. Bf7 Ke5 52. Bg8 Kf6
53. Ba2 Bf4 54. Bb3 Be5 55. Bc4 Bd4 56. Bd5 Bc3 57. Ba2 Bb2 58. Bb3 Kg5 59. Bf7
Kf6 60. Ba2 Ba1 61. Kg2 Be5 62. Kh1 Kg5 63. Bf7 Bf6 64. Kg2 Bg7 65. Kh1 Kf6 66.
Ba2 Kf5 67. Kg2 Kf6 68. Kh1 Bf8 69. Kg2 Bd6 70. Kh1 Kf5 71. Kg2 Ke5 72. Kh1 Kd4
73. Bf7 Ke5 74. Ba2 Kf4 75. Bf7 Kf5 76. Kg2 Kf6 77. Ba2 Bf4 78. Kh1 Kf5 79. Kg2
Kg4 80. Bf7 Be5 81. Kh1 Kf4 82. Kg2 Ke3 83. Kh1 Kf3 84. Ba2 Kg4 85. Bf7 Kg5 86.
Kg2 Kf6 87. Ba2 Bf4 88. Kh1 Ke5 89. Kg2 Kd4 90. Kh1 Be5 91. Kg2 Bf6 92. Kh1 Bg5
93. Kg2 Ke4 94. Kh1 Kd3 95. Kg2 Kc2 96. Kh1 Kb2 1/2-1/2

[Event "Titled Tue 10th Jun Early"]
[Site "chess.com INT"]
[Date "2025.06.10"]
[Round "6"]
[White "Birkisson, Bardur Orn"]
[Black "Suvradeepta, Das"]
[Result "1-0"]
[WhiteTitle "FM"]
[BlackTitle "FM"]
[WhiteElo "2280"]
[BlackElo "2230"]
[WhiteFideId "2310597"]
[BlackFideId "5058031"]
[EventDate "2025.06.10"]

1. d4 Nf6 2. Nf3 g6 3. Bg5 Bg7 4. c3 O-O 5. Nbd2 d5 6. e3 b6 7. Bd3 Ba6 8. Bxa6
Nxa6 9. O-O Nb8 10. Re1 Nbd7 11. e4 dxe4 12. Nxe4 Re8 13. Nxf6+ Bxf6 14. Bxf6
Nxf6 15. Ne5 Qd5 16. c4 Qd6 17. d5 e6 18. dxe6 Rxe6 19. Qxd6 Rxd6 20. Nf3 Kf8
21. Kf1 Rad8 22. Rac1 c5 23. a3 Nh5 24. g3 Ng7 25. Rc3 Nf5 26. b4 Rd3 27. Rec1
h6 28. Ne5 R3d6 29. h4 Nd4 30. Nf3 Nc6 31. bxc5 bxc5 32. Rb1 Rd3 33. Rbb3 Rd1+
34. Ke2 Ra1 35. Rd3 Re8+ 36. Re3 Na5 37. Rc3 Ra2+ 38. Nd2 Rd8 39. Red3 Rb8 40.
Ke3 Rbb2 41. f3 Nc6 42. Ne4 Ne5 43. Rd2 f5 44. Rxb2 Rxb2 45. Nd2 Rb7 46. Nb3 Re7
47. Nxc5 Nxc4+ 48. Kd4 Nd6 49. Kd5 Nb5 50. Rb3 Nc7+ 51. Kd6 Ne8+ 52. Kc6 Nf6 53.
Rb8+ Kf7 54. Rb7 g5 55. Rxe7+ Kxe7 56. hxg5 hxg5 57. a4 f4 58. gxf4 gxf4 59. Nd3
Nh5 60. a5 Kf6 61. a6 Kf5 62. Kb7 Nf6 63. Kxa7 Nd5 64. Kb7 1-0

[Event "Titled Tue 10th Jun Early"]
[Site "chess.com INT"]
[Date "2025.06.10"]
[Round "6"]
[White "Lyakh, Vasiliy"]
[Black "Chen, Yidong"]
[Result "0-1"]
[WhiteElo "2123"]
[BlackElo "2074"]
[WhiteFideId "14189828"]
[BlackFideId "8607028"]
[EventDate "2025.06.10"]

1. d4 Nf6 2. c4 g6 3. Nc3 d5 4. cxd5 Nxd5 5. e4 Nxc3 6. bxc3 Bg7 7. Nf3 c5 8.
Bb5+ Nc6 9. O-O O-O 10. Bxc6 bxc6 11. Qc2 Bg4 12. Ne5 Bd7 13. Ba3 cxd4 14. cxd4
Re8 15. Rfd1 Rc8 16. Bc5 Qc7 17. f4 Be6 18. Rab1 Rb8 19. Qa4 Bxe5 20. fxe5 Kg7
21. a3 h5 22. Qxa7 Qxa7 23. Bxa7 Ra8 24. Bc5 Bc4 25. Rb7 Kf8 26. Kf2 Ra4 27. Ke3
Ba6 28. Rc7 Bb5 29. Bb4 Raa8 30. Rd2 Rac8 31. Bxe7+ Kg8 32. Rxc8 Rxc8 33. d5
cxd5 34. exd5 Bd7 35. Rb2 Bf5 36. Kd4 Ra8 37. Rb7 Ra4+ 38. Bb4 Ra8 39. Kc5 Rc8+
40. Kb6 Rc2 41. d6 Rxg2 42. d7 Bxd7 43. Rxd7 Rxh2 44. Be7 Rb2+ 45. Kc5 Rc2+ 46.
Kb4 Rb2+ 47. Kc3 Rg2 48. Bf6 g5 49. Rd8+ Kh7 50. Rh8+ Kg6 51. Rg8+ Kf5 52. Rg7
h4 53. Rxf7 h3 54. Rh7 g4 55. Rh5+ Ke6 56. Rh6 h2 57. Bg7+ Kf7 58. Bh8 g3 59.
e6+ Ke7 60. Bd4 Rg1 61. Bc5+ Kd8 62. e7+ Kd7 63. Rh8 Re1 64. Rd8+ Kc6 65. Rc8+
Kb7 66. e8=Q Rxe8 67. Rxe8 h1=Q 68. Re7+ Kc6 69. Bd4 Qa1+ 70. Kc4 Qa2+ 0-1

[Event "Titled Tue 10th Jun Early"]
[Site "chess.com INT"]
[Date "2025.06.10"]
[Round "6"]
[White "Galchenko, Matvey"]
[Black "Gkavardinas, Antonios"]
[Result "1-0"]
[WhiteTitle "IM"]
[BlackTitle "FM"]
[WhiteElo "2435"]
[BlackElo "2278"]
[WhiteFideId "24175480"]
[BlackFideId "25883097"]
[EventDate "2025.06.10"]

1. f4 g6 2. Nf3 d5 3. g3 Bg7 4. Bg2 Nf6 5. O-O O-O 6. d3 c5 7. Ne5 Nc6 8. Nxc6
bxc6 9. e4 c4 10. e5 Qb6+ 11. Kh1 Ng4 12. d4 Nh6 13. Nc3 Nf5 14. Na4 Qxd4 15.
Qe2 c3 16. Nxc3 a5 17. Rd1 Qa7 18. Qe1 h5 19. Bd2 Bb7 20. Qg1 e6 21. Qxa7 Rxa7
22. Na4 Rc8 23. Nc5 Bf8 24. Nxb7 Rxb7 25. b3 Bb4 26. c3 Ba3 27. Bf3 Rd7 28. Kg2
c5 29. Kf2 c4 30. Rab1 Bc5+ 31. Kg2 Be3 32. b4 Bxd2 33. Rxd2 axb4 34. Rxb4 Ra7
35. a4 Rca8 36. Ra2 Kg7 37. Kf2 Ne7 38. Bd1 Nc6 39. Rb6 Ra6 40. Rb5 Na5 41. Ke3
Nb3 42. Rb4 Ra5 43. Bc2 R8a7 44. h3 Nc5 45. g4 hxg4 46. hxg4 Na6 47. Rb1 Nc5 48.
Rb8 Rb7 49. Rxb7 Nxb7 50. Rb2 Nc5 51. Rb5 Rxb5 52. axb5 Nd7 53. Kd4 Kf8 54. f5
gxf5 55. gxf5 Ke7 56. f6+ Ke8 57. Bd1 Kf8 58. Bf3 Ke8 59. Be2 Kf8 60. Bf1 Ke8
61. Bg2 Kf8 62. Bxd5 exd5 63. Kxd5 Ke8 64. Kd6 Kd8 65. e6 fxe6 66. f7 Nf8 67. b6
e5 68. b7 1-0

[Event "Titled Tue 10th Jun Early"]
[Site "chess.com INT"]
[Date "2025.06.10"]
[Round "6"]
[White "Csonka, Balazs"]
[Black "Ughuzov, Ravan"]
[Result "0-1"]
[WhiteTitle "IM"]
[BlackTitle "FM"]
[WhiteElo "2467"]
[BlackElo "2295"]
[WhiteFideId "742910"]
[BlackFideId "13419315"]
[EventDate "2025.06.10"]

1. d4 Nf6 2. c4 e6 3. Nc3 Bb4 4. e3 c5 5. Ne2 cxd4 6. exd4 d5 7. a3 Bxc3+ 8.
Nxc3 dxc4 9. Bxc4 Nc6 10. d5 exd5 11. Nxd5 O-O 12. O-O Be6 13. Nxf6+ Qxf6 14.
Bxe6 Qxe6 15. Be3 Ne5 16. Rc1 Rfd8 17. Qa4 Nd3 18. Rc7 Nxb2 19. Qb5 Nd1 20. Bg5
Rd5 21. Qxb7 Re8 22. h4 h6 23. Bf4 Rf5 24. Bg3 Qe2 25. Qxa7 Ne3 26. Rfc1 Ng4 27.
Rc8 Rxc8 28. Rxc8+ Kh7 29. Rc1 Qd2 30. Qc7 Rxf2 31. Bxf2 Qxf2+ 32. Kh1 Qxh4+ 33.
Kg1 Qf2+ 34. Kh1 Qh4+ 35. Kg1 Qf2+ 36. Kh1 Qe3 37. Qc2+ g6 38. Rf1 Qg5 39. Kg1
Qe3+ 40. Kh1 Qg5 41. Rxf7+ Kg8 42. Rf3 Qh4+ 43. Kg1 Qe1+ 44. Rf1 Qxf1+ 45. Kxf1
Ne3+ 46. Ke2 Nxc2 47. a4 Kf7 48. Kd3 Nb4+ 49. Kc4 Nc6 50. Kc5 Na5 51. Kb5 Nb3
52. Kb4 Nd4 53. Kc5 Ne6+ 54. Kb6 Ke7 55. a5 Kd7 56. a6 g5 57. a7 Nc7 58. Kc5 h5
59. Kd4 Ke6 60. Kc5 Kd7 61. Kd4 Kd6 62. Ke4 Ke6 63. Kd4 h4 64. Ke4 Kf6 65. Kd4
Kf5 66. Ke3 g4 67. Kf2 Kf4 68. Ke2 Kg3 69. Kf1 Na8 70. Kg1 Kf4 71. Kh2 Ke3 72.
Kg1 Ke2 73. Kh2 Kf1 74. Kh1 h3 0-1

[Event "Titled Tue 10th Jun Early"]
[Site "chess.com INT"]
[Date "2025.06.10"]
[Round "6"]
[White "Carlsen, Magnus"]
[Black "Tsydypov, Zhamsaran"]
[Result "1-0"]
[WhiteTitle "GM"]
[BlackTitle "GM"]
[WhiteElo "2837"]
[BlackElo "2514"]
[WhiteFideId "1503014"]
[BlackFideId "4108566"]
[EventDate "2025.06.10"]

1. e4 e5 2. Nf3 Nf6 3. Nxe5 d6 4. Nd3 Nxe4 5. Qe2 Qe7 6. Nf4 c6 7. f3 Nf6 8. d4
Be6 9. Nxe6 fxe6 10. g3 Nbd7 11. Bh3 e5 12. dxe5 dxe5 13. Nc3 Qb4 14. a3 Qb6 15.
Ne4 Be7 16. b4 Qd4 17. c3 Qd5 18. O-O O-O-O 19. Rd1 Qb3 20. Bg5 Kc7 21. Rab1 Qf7
22. Bxf6 gxf6 23. b5 f5 24. bxc6 Nb6 25. Nf2 Rd5 26. Rxd5 Qxd5 27. Rd1 Qc5 28.
cxb7 Rf8 29. Kh1 Kxb7 30. Nd3 Qxc3 31. Bxf5 Bd6 32. Bxh7 Qxa3 33. Be4+ Kb8 34.
Kg2 Rc8 35. Nf2 Bc5 36. Bf5 Re8 37. Ng4 Qc3 38. Nf6 Rf8 39. Ne4 Qa3 40. Be6 Bd4
41. h4 Qe7 42. Qa2 Qc7 43. h5 Qg7 44. Rh1 Qh6 45. Bg4 Rh8 46. Qd2 Nc4 47. Qb4+
Nb6 48. Bf5 Ka8 49. Qb5 Qe3 50. Qc6+ Kb8 51. Bg4 Qe2+ 52. Kh3 Qa6 53. Nc5 Bxc5
54. Qxc5 Re8 55. Qd6+ Kb7 56. Bf5 Qc4 57. Be4+ Kc8 58. Qc6+ Qxc6 59. Bxc6 Re7
60. Kg4 Re6 61. Be4 Nd7 62. h6 1-0

[Event "Titled Tue 10th Jun Early"]
[Site "chess.com INT"]
[Date "2025.06.10"]
[Round "6"]
[White "Bharath, Subramaniyam H"]
[Black "Avramidou, Anastasia"]
[Result "1-0"]
[WhiteTitle "GM"]
[BlackTitle "FM"]
[WhiteElo "2558"]
[BlackElo "2294"]
[WhiteFideId "46634827"]
[BlackFideId "4239873"]
[EventDate "2025.06.10"]

1. b3 e5 2. Bb2 d6 3. c4 Nf6 4. e3 Nc6 5. Nc3 Be7 6. Nf3 O-O 7. d4 exd4 8. Nxd4
Nxd4 9. Qxd4 Be6 10. Be2 Re8 11. Nd5 Bxd5 12. cxd5 Bf8 13. O-O a5 14. Rac1 Ne4
15. Bd3 Nc5 16. Bb1 b6 17. Qg4 Qe7 18. Rc4 f6 19. Qf5 g6 20. Qxf6 Qxf6 21. Bxf6
Bg7 22. Bxg7 Kxg7 23. e4 Re7 24. f3 Kf6 25. Kf2 g5 26. Ke3 Rae8 27. Bc2 h5 28.
a3 Ra8 29. b4 axb4 30. axb4 Ra3+ 31. Ke2 b5 32. Rd4 Na6 33. Rb1 Ke5 34. Rd3 Ra2
35. Rd2 Nb8 36. Bd3 Rxd2+ 37. Kxd2 Nd7 38. Bxb5 Nb6 39. Ke3 Rg7 40. Bd3 Rg8 41.
g3 Ra8 42. f4+ Kf6 43. Rc1 Ra7 44. e5+ dxe5 45. Rc6+ Ke7 46. fxg5 Nxd5+ 47. Ke4
Nxb4 48. Rh6 Nxd3 49. Kxd3 Ra3+ 50. Ke4 c5 51. Kxe5 c4 52. Rxh5 Rd3 53. Rh7+ Kf8
54. Rc7 c3 55. Kf6 Rd6+ 56. Kf5 Rd3 57. Kg6 Rd2 58. h4 c2 59. Kh6 Kg8 60. g6 Rd8
61. Rxc2 Kh8 62. Rc7 Kg8 63. Re7 Ra8 64. h5 Kh8 65. Re5 Kg8 66. Kg5 Rc8 67. g4
Kh8 68. h6 Kg8 69. Kf6 Rc6+ 70. Re6 Rc8 71. Rd6 Re8 72. Rd7 Kh8 73. Kf7 Ra8 74.
Ke7 Rf8 75. g7+ 1-0

[Event "Titled Tue 10th Jun Early"]
[Site "chess.com INT"]
[Date "2025.06.10"]
[Round "6"]
[White "Sjugirov, Sanan"]
[Black "Dubnevych, Maksym"]
[Result "1/2-1/2"]
[WhiteTitle "GM"]
[BlackTitle "FM"]
[WhiteElo "2635"]
[BlackElo "2296"]
[WhiteFideId "4189302"]
[BlackFideId "14184001"]
[EventDate "2025.06.10"]

1. e4 e5 2. Nf3 Nc6 3. Bb5 a6 4. Ba4 Bc5 5. c3 Nge7 6. d4 exd4 7. cxd4 Bb4+ 8.
Bd2 Bxd2+ 9. Qxd2 d5 10. exd5 Qxd5 11. O-O O-O 12. Nc3 Qd6 13. Rfe1 Bg4 14. Ne4
Qd8 15. Neg5 h6 16. h3 Bh5 17. g4 Bg6 18. Ne4 Bxe4 19. Rxe4 f5 20. Re3 Nd5 21.
Bb3 Kh8 22. Re6 Kh7 23. Bc2 Nce7 24. Rae1 Qd7 25. R1e5 Rae8 26. gxf5 Kh8 27. Bb3
c6 28. Rxh6+ gxh6 29. Qxh6+ Kg8 30. Ng5 Nxf5 31. Qg6+ Qg7 32. Qxe8 Rxe8 33.
Rxe8+ Qf8 34. Rxf8+ Kxf8 35. Bxd5 cxd5 36. Nf3 Ke7 37. Kf1 Kf6 38. Ke2 Nd6 39.
b3 Ne4 40. Ke3 b5 41. a3 a5 42. Nd2 Nc3 43. Kd3 b4 44. axb4 axb4 45. Nf1 Kf5 46.
Ne3+ Kg5 47. Nc2 Na2 48. Kd2 Kf4 49. Ne3 Ke4 50. h4 Kxd4 51. h5 Nc3 52. f3 Ke5
53. h6 Kf6 54. Nc2 Na2 55. Ne3 d4 56. Nd5+ Kg6 57. Kd3 Nc1+ 58. Kc4 d3 59. Kxb4
d2 60. Ne3 Kxh6 61. Kc3 Kg5 62. b4 Kf4 63. Nd1 Kxf3 64. b5 Na2+ 65. Kc4 Ke2 66.
Nb2 Nc1 67. b6 Nd3 68. Na4 d1=Q 69. Nc3+ Kd2 70. Nxd1 Ne5+ 71. Kd5 Nd7 72. b7
Nb8 73. Nb2 Kc2 74. Nc4 Kb3 75. Na5+ Ka4 76. Nc6 Na6 77. Kd6 Kb5 78. Nd8 Kb6 79.
Kd7 Nc5+ 80. Kc8 Nxb7 1/2-1/2

[Event "Titled Tue 10th Jun Early"]
[Site "chess.com INT"]
[Date "2025.06.10"]
[Round "6"]
[White "Bold, Andre"]
[Black "Rustemov, Alexander"]
[Result "1/2-1/2"]
[WhiteTitle "CM"]
[BlackTitle "GM"]
[WhiteElo "2235"]
[BlackElo "2525"]
[WhiteFideId "16208471"]
[BlackFideId "4119002"]
[EventDate "2025.06.10"]

1. d4 d5 2. Nf3 Nf6 3. c4 c6 4. Nc3 a6 5. cxd5 cxd5 6. Bf4 Nc6 7. e3 Bg4 8. h3
Bxf3 9. Qxf3 e6 10. Qd1 Bd6 11. Bxd6 Qxd6 12. Bd3 O-O 13. O-O Rac8 14. Rc1 Rc7
15. Bb1 Rfc8 16. Qd2 Na5 17. Bd3 Qb4 18. Ne4 Qxd2 19. Rxc7 Rxc7 20. Nxd2 Ne8 21.
Rb1 Nd6 22. Kf1 Nac4 23. Bxc4 dxc4 24. f3 b5 25. Ne4 Nxe4 26. fxe4 Kf8 27. Ke2
Ke7 28. Kd2 b4 29. Kc2 a5 30. Rf1 c3 31. b3 f6 32. Ra1 g5 33. a3 Kf7 34. axb4
axb4 35. Ra4 Rb7 36. Ra6 h5 37. g4 hxg4 38. hxg4 Ke7 39. Ra4 Kd7 40. Kd3 Rb6 41.
Kc2 Kc6 42. Ra8 Kb5 43. Rf8 Ra6 44. Rb8+ Rb6 45. Rf8 e5 46. dxe5 fxe5 47. Rf5
Rh6 48. Rxe5+ Kc6 49. Rxg5 Rh2+ 50. Kc1 Rb2 51. e5 Rxb3 52. e6 Kd6 53. Re5 Ke7
54. Re4 Rb2 55. g5 b3 56. Rc4 Rc2+ 57. Kb1 Kxe6 58. Rb4 Rb2+ 59. Kc1 Kf5 60.
Rb5+ Kg6 61. e4 Kh5 62. e5 Kxg5 63. e6+ Kf6 64. Rb6 Ke7 65. Rc6 Rc2+ 66. Kb1 Kf6
67. Rb6 Rb2+ 68. Kc1 Ke7 69. Rc6 Rc2+ 70. Kb1 Kd8 71. Rb6 Rb2+ 72. Kc1 Kc7 73.
e7 Kd7 74. Rb7+ Ke8 75. Rc7 Rc2+ 76. Kb1 Kf7 77. Rb7 Rb2+ 78. Kc1 Ke8 79. Rc7
Rc2+ 80. Kb1 Rb2+ 81. Kc1 1/2-1/2

[Event "Titled Tue 10th Jun Early"]
[Site "chess.com INT"]
[Date "2025.06.10"]
[Round "6"]
[White "Purtseladze, Maka"]
[Black "Birkisson, Bjorn Holm"]
[Result "0-1"]
[WhiteTitle "IM"]
[BlackTitle "CM"]
[WhiteElo "2261"]
[BlackElo "2128"]
[WhiteFideId "13602659"]
[BlackFideId "2310600"]
[EventDate "2025.06.10"]

1. Nf3 d5 2. b3 b6 3. Bb2 Bb7 4. e3 e6 5. d4 Nf6 6. Bd3 Bd6 7. O-O O-O 8. Ne5
Ne4 9. f3 Bxe5 10. dxe5 Nc5 11. Be2 Ba6 12. Nd2 Bxe2 13. Qxe2 a5 14. f4 Nc6 15.
Bd4 Nd7 16. Rf3 Ne7 17. Rh3 Re8 18. Qh5 Nf8 19. Nf3 c5 20. Bb2 Neg6 21. Ng5 h6
22. Nf3 Nh7 23. a4 Ngf8 24. Rd1 Qd7 25. Qg4 Kh8 26. Kh1 Qc6 27. Qh4 b5 28. axb5
Qxb5 29. Qf2 a4 30. Rd3 c4 31. Rc3 a3 32. Ba1 cxb3 33. Rxb3 Qc4 34. Nd4 Reb8 35.
Rf3 Rxb3 36. Nxb3 a2 37. Qd2 Rc8 38. Rf2 Nd7 39. h3 Nhf8 40. Kh2 Nc5 41. Bd4
Nxb3 42. cxb3 Qc1 43. Qxa2 Ng6 44. Qa6 Rc2 45. Qa8+ Kh7 46. Rxc2 Qxc2 47. Kg3
Qe4 48. Qa6 Nxf4 49. exf4 Qxd4 50. Qe2 Qc3+ 51. Qf3 Qd4 52. Qe2 g6 53. Qc2 Qe3+
54. Kg4 h5+ 55. Kg5 Qg3+ 56. Kf6 Qxf4+ 57. Ke7 Kg7 58. Qc3 Qg5+ 59. Kd7 Qxg2 60.
b4 d4 61. Qxd4 Qb7+ 62. Ke8 Qb8+ 63. Ke7 g5 64. Qc5 Qb7+ 65. Kd8 g4 66. hxg4
hxg4 67. b5 g3 68. Qc6 Qxc6 69. bxc6 g2 70. c7 g1=Q 71. c8=Q Qd4+ 72. Ke8 Qxe5
73. Qc2 Qf6 74. Qg2+ Qg6 75. Qb2+ Kg8 76. Qb7 e5 77. Qb3 Qe6+ 78. Kd8 Qxb3 0-1

[Event "Titled Tue 10th Jun Early"]
[Site "chess.com INT"]
[Date "2025.06.10"]
[Round "6"]
[White "Kalyani Sirin"]
[Black "Turzo, Attila"]
[Result "1/2-1/2"]
[WhiteTitle "WFM"]
[BlackTitle "IM"]
[WhiteElo "2138"]
[BlackElo "2245"]
[WhiteFideId "33323500"]
[BlackFideId "704954"]
[EventDate "2025.06.10"]

1. e4 c5 2. Nf3 Nc6 3. d4 cxd4 4. Nxd4 g6 5. c4 Bg7 6. Be3 Nf6 7. Nc3 d6 8. Be2
O-O 9. O-O Bd7 10. f3 Nxd4 11. Bxd4 a5 12. a4 Bc6 13. Qd2 Nd7 14. Rab1 Bxd4+ 15.
Qxd4 Qb6 16. Qxb6 Nxb6 17. b3 Nd7 18. b4 axb4 19. Rxb4 Nc5 20. Ra1 Ra5 21. Nd5
Bxd5 22. cxd5 Rfa8 23. Bb5 Kf8 24. h4 e5 25. dxe6 fxe6 26. Rd1 Ke7 27. Rbd4 Rd8
28. Kf2 e5 29. Rb4 Rc8 30. Kg3 Ne6 31. Bc4 Rc7 32. Bxe6 Kxe6 33. Rb6 Rd7 34.
Rdb1 Rxa4 35. Rxb7 Ra7 36. Rxa7 Rxa7 37. Rb8 h5 38. Rg8 Kf7 39. Rh8 Kf6 40. Rf8+
Rf7 41. Rb8 Ke6 42. Kf2 Ra7 43. Kg3 Rf7 44. Kh3 Ra7 45. g4 hxg4+ 46. Kxg4 Rf7
47. Re8+ Kf6 48. Rg8 Rh7 49. Rf8+ Ke7 50. Ra8 Kf6 51. Ra6 Rd7 52. Rb6 Rd8 53.
Ra6 Rd7 54. Rb6 Ke6 55. Kg5 Rf7 56. Rb3 Rf6 57. Rd3 Ke7 58. Kh6 Rf4 59. Kg5 Ke6
60. Rc3 Kd7 61. Rb3 Ke6 62. Rd3 Ke7 63. Rb3 Kd7 64. Rd3 Ke6 65. Rb3 d5 66. Rb6+
Kf7 67. exd5 Rxf3 68. Rb7+ Ke8 69. Kxg6 Rd3 70. Rb5 e4 71. Kf5 e3 72. Rb2 Rxd5+
73. Ke4 Rh5 74. Kxe3 Rxh4 75. Re2 Ke7 76. Kf3+ Kf6 77. Re4 Rxe4 78. Kxe4 1/2-1/2

[Event "Titled Tue 10th Jun Early"]
[Site "chess.com INT"]
[Date "2025.06.10"]
[Round "6"]
[White "Lee, Junhyeok"]
[Black "Reprintsev, Alexander"]
[Result "1-0"]
[WhiteTitle "IM"]
[BlackTitle "IM"]
[WhiteElo "2434"]
[BlackElo "2256"]
[WhiteFideId "13202340"]
[BlackFideId "14100541"]
[EventDate "2025.06.10"]

1. d4 d5 2. c4 e5 3. dxe5 d4 4. Nf3 Nc6 5. Nbd2 Nge7 6. Nb3 Nf5 7. g3 Be6 8.
Nbd2 Ne3 9. fxe3 dxe3 10. Bg2 exd2+ 11. Bxd2 Bc5 12. Qb3 O-O 13. O-O-O b6 14.
Bg5 Qe8 15. Bf4 h6 16. h4 Na5 17. Qc2 Nxc4 18. Nd4 Rd8 19. Nxe6 Qxe6 20. Qe4 a5
21. Rd5 c6 22. Rxd8 Rxd8 23. Qxc6 Qg4 24. Bf3 Qf5 25. e6 fxe6 26. Be4 Qf6 27.
Qb5 Be3+ 28. Bxe3 Nxe3 29. Bd3 Rc8+ 30. Kb1 Nd5 31. Qb3 Qe5 32. Rc1 Rxc1+ 33.
Kxc1 Qxg3 34. Qc4 Qf4+ 35. Qxf4 Nxf4 36. Bc4 Kf7 37. Kd2 Ng2 38. h5 Nf4 39. Kc3
Nxh5 40. Kd4 Nf4 41. Ke5 Nd5 42. e4 Nc7 43. Kd6 b5 44. Bb3 a4 45. Bd1 Ne8+ 46.
Kc5 Nc7 47. Kb6 Ne8 48. Kxb5 Nd6+ 49. Kxa4 Nxe4 50. Kb5 Nf2 51. Bf3 e5 52. a4 e4
53. Bg2 e3 54. Bf3 g5 55. a5 g4 56. Be2 g3 57. a6 g2 58. a7 g1=Q 59. a8=Q Qg5+
60. Ka4 Qf4+ 61. b4 Kf6 62. Qc6+ Kg5 63. Qd5+ Qf5 64. Qg2+ Ng4 65. b5 h5 66. b6
Qc5 67. b7 Qa7+ 68. Kb5 Qb8 69. Kb6 Qd6+ 70. Ka7 Qa3+ 71. Ba6 Qc5+ 72. Ka8 Qb6
73. Qe2 Qc6 74. Ka7 Qc5+ 75. Ka8 Qc6 76. Qb5+ Qxb5 77. Bxb5 1-0

[Event "Titled Tue 10th Jun Early"]
[Site "chess.com INT"]
[Date "2025.06.10"]
[Round "6"]
[White "Deng, Henry"]
[Black "Kovalevsky, Stanislav"]
[Result "1-0"]
[WhiteTitle "FM"]
[BlackTitle "FM"]
[WhiteElo "2327"]
[BlackElo "2105"]
[WhiteFideId "30965454"]
[BlackFideId "13508598"]
[EventDate "2025.06.10"]

1. Nf3 d5 2. b3 a5 3. a4 Nf6 4. Bb2 b6 5. g3 e6 6. Bg2 Bb7 7. O-O Nbd7 8. d3 Bb4
9. Nbd2 O-O 10. h3 Qe7 11. c3 Bc5 12. Qc2 e5 13. e4 dxe4 14. dxe4 Rad8 15. Rfe1
Ba6 16. Bf1 Bxf1 17. Kxf1 Ne8 18. Kg2 c6 19. Nc4 Nc7 20. Rad1 f6 21. Nh4 g6 22.
Bc1 Ne6 23. Rd3 Nb8 24. Red1 Rxd3 25. Rxd3 Rd8 26. Qd1 Rxd3 27. Qxd3 Qd7 28.
Qxd7 Nxd7 29. Bd2 Kf7 30. Nf3 Bf8 31. b4 Nc7 32. bxa5 bxa5 33. Nxa5 Nc5 34. Nxc6
Nxa4 35. Na5 Nc5 36. Kf1 Nxe4 37. Be1 Ke6 38. c4 Na6 39. Ke2 Bb4 40. Bxb4 Nxb4
41. Nb3 Kd6 42. h4 Nc5 43. Nbd2 Ncd3 44. Ne4+ Ke6 45. Nfd2 Nc1+ 46. Ke3 Nc2+ 47.
Kf3 Nd4+ 48. Kg2 Nd3 49. c5 f5 50. Ng5+ Kd5 51. Nxh7 Kxc5 52. Nf8 Ne1+ 53. Kf1
Nef3 54. Nxf3 Nxf3 55. Nxg6 Kd4 56. Kg2 e4 57. h5 Ng5 58. Nf4 Nf7 59. Kh3 Ke5
60. Kh4 Kf6 61. Nd5+ Kg7 62. Ne3 Kf6 63. g4 f4 64. Nd5+ Ke5 65. Nc3 Kd4 66. Ne2+
Ke5 67. g5 f3 68. Ng3 Kf4 69. g6 Nh6 70. Nxe4 Kxe4 71. Kg5 Ng8 72. h6 Nxh6 73.
Kxh6 Kd3 74. g7 Ke2 75. g8=Q Kxf2 76. Kh5 Ke1 77. Kg4 f2 78. Qe6+ Kf1 79. Qe3
Kg2 80. Qh3+ Kg1 81. Kg3 f1=N+ 82. Kf3 Nh2+ 83. Ke2 Kh1 84. Qg3 1-0